Entry Personal Name
Number of records used in: 2
001 - CONTROL NUMBER
003 - CONTROL NUMBER IDENTIFIER
005 - DATE AND TIME OF LATEST TRANSACTION
- control field:
20191118151524.0
008 - FIXED-LENGTH DATA ELEMENTS
- fixed length control field:
020409n| azannaabn |a aaa
010 ## - LIBRARY OF CONGRESS CONTROL NUMBER
- LC control number:
no2002029523
035 ## - SYSTEM CONTROL NUMBER
- System control number:
(OCoLC)oca05732459
040 ## - CATALOGING SOURCE
- Original cataloging agency:
DLC-ON
- Language of cataloging:
eng
- Description conventions:
rda
- Transcribing agency:
DLC-ON
- Modifying agency:
ICU
046 ## - SPECIAL CODED DATES
100 1# - HEADING--PERSONAL NAME
- Personal name:
Śarmā, Haricaraṇa,
- Dates associated with a name:
1939-
400 0# - SEE FROM TRACING--PERSONAL NAME
- Personal name:
Haricaraṇa Śarmā,
- Dates associated with a name:
1939-
670 ## - SOURCE DATA FOUND
- Source citation:
Bihārī, eka mūlyāṅkana, 2001:
- Information found:
t.p. (Ḍô. Haricarana Śarmā) jkt. (M.A., Ph.D.; b. March 21, 1939)